00697nam a22001937a 4500999001900000005001700019010001300036020002500049035001300074037001600087082001300103100001700116245005300133260003300186300002300219942002600242952010600268952012900374 c159160d15916020181206152818.0 aB-161830 a9798189093746c95.00 aB-161830 bLotus Press a615.535  aDevraj, T.L. aNature Cure for common diseases/cby T.L. Devraj aNew DelhibLotus Pressc2005 a179p.c24cm.(Pbk.) 2ddccENh615.535mDEV 001040708NFICaZLSbZLSd2018-12-06l0o615.535 DEVpB-161830r2018-12-06 00:00:00w2018-12-06yEN 001040708NFICaZLSbZLSd2019-05-30l0o615.535 DEVpB-161806r2019-05-30 00:00:00yENzWithdrawn List Prepared L.No.10/4